| 000 | 00627nam a2200193Ia 4500 | ||
|---|---|---|---|
| 003 | ARRUPE | ||
| 005 | 20151007104053.0 | ||
| 008 | 130303s9999 xx 000 0 und d | ||
| 020 | _a0415100925 | ||
| 040 | _cARRUPELIB | ||
| 050 |
_aB3279.H48 _bS46654 1996 |
||
| 100 |
_aMulhall, Stephen _920132 |
||
| 245 |
_aRoutledge philosophy guidebook to Heidegger and being and time _cby Mulhall, Stephen |
||
| 260 |
_aLondon _bRoutledge _c1996 |
||
| 300 |
_axii, 202 p.; _c 21 cm |
||
| 440 |
_aRoutledge philosophy guidebooks _920133 |
||
| 600 |
_aHeidegger, Martin _d1889-1976 _2Sein und Zeit _920134 |
||
| 942 | 0 | 0 |
_05 _2lcc _cMONOGRAPH |
| 999 |
_c13831 _d13831 |
||